000 00764nam a2200253Ia 4500
003 OSt
005 20220918165615.0
006 a|||||r|||| 00| 0
007 ta
008 220917b |||||||| |||| 00| 0 eng d
020 _a817000389X (hbk)
_c375
024 _a245,768
037 _b1116, 18/02/2011, Pioneer Book Distributors
_cTextual
040 _aARTS
_cARTS
_beng
041 _2eng
_aeng
082 _a261, P4(2D)
100 _aMohanraj V.M.
_924940
245 0 _aLibrary services for children
260 _aNew Delhi
_bEss Ess Publications India
_c2004
300 _a183p.
_ccm.
650 _aLIBRARY SCIENCE
942 _h261, P4(2D)
_cTEXL
_2CC
999 _c130517
_d130517